Constructing e-business (Record no. 65267)

MARC details
000 -LEADER
fixed length control field 01340cam a2200241 4500
001 - CONTROL NUMBER
control field ABS63172
008 - FIXED-LENGTH DATA ELEMENTS--GENERAL INFORMATION
fixed length control field 000000n2000 000 0 eng u
035 ## - SYSTEM CONTROL NUMBER
System control number (Sirsi) u109343
100 ## - MAIN ENTRY--PERSONAL NAME
Personal name Hamilton, I
245 ## - TITLE STATEMENT
Title Constructing e-business
260 ## - PUBLICATION, DISTRIBUTION, ETC.
Date of publication, distribution, etc. 2000
490 ## - SERIES STATEMENT
Series statement Civil Engineering
Volume/sequential designation 38(4) November 2000, 149(1)
520 ## - SUMMARY, ETC.
Summary, etc. Looks at the rise of electronic commerce in the construction industry. A survey on the use of e-commerce for business transactions was conducted by the UK Construction Industry Computing Association and Construction Products Association in March 2000. Although the survey found that current use of e-commerce only accounts for 5% of all transactions, this figure is expected to increase to 50% within the next 5 years. Key advantages of e-commerce are perceived to be faster transaction time and reduced costs, while concern has been expressed about initial set-up costs and the risk of no personal contact. Finally, contractors' portals are examined as a means for existing e-commerce companies carry out transactions with new companies.
590 ## - LOCAL NOTE (RLIN)
Local note ABS
650 ## - SUBJECT ADDED ENTRY--TOPICAL TERM
Topical term or geographic name entry element TRANSACTIONS
650 ## - SUBJECT ADDED ENTRY--TOPICAL TERM
Topical term or geographic name entry element ELECTRONIC TRANSACTIONS
650 ## - SUBJECT ADDED ENTRY--TOPICAL TERM
Topical term or geographic name entry element CONSTRUCTION INDUSTRY
650 ## - SUBJECT ADDED ENTRY--TOPICAL TERM
Topical term or geographic name entry element PORTALS
650 ## - SUBJECT ADDED ENTRY--TOPICAL TERM
Topical term or geographic name entry element E-COMMERCE
650 ## - SUBJECT ADDED ENTRY--TOPICAL TERM
Topical term or geographic name entry element TRADING
690 ## - LOCAL SUBJECT ADDED ENTRY--TOPICAL TERM (OCLC, RLIN)
Topical term or geographic name as entry element INFORMATION TECHNOLOGY-INTERNET
942 ## - ADDED ENTRY ELEMENTS (KOHA)
Suppress in OPAC 0
Holdings
Withdrawn status Lost status Source of classification or shelving scheme Damaged status Not for loan Home library Current library Shelving location Date acquired Total Checkouts Full call number Barcode Date last seen Copy number Price effective from Koha item type
    Dewey Decimal Classification     London London Journal article 14/11/2000   ABS63172 109343-1001 06/08/2019 1 06/08/2019 Journal article